[Event "III C.to Italiano a squadre femminile"]
[Site "Arvier ITA"]
[Date "2010.04.30"]
[Round "2"]
[White "Nikolova, Adriana"]
[Black "Fierro Baquero, Martha Lorena"]
[Result "0-1"]
[WhiteElo "2348"]
[BlackElo "2356"]
[PlyCount "100"]
[EventDate "2010.04.29"]

1. e4 c5 2. Nf3 Nc6 3. d4 cxd4 4. Nxd4 e5 5. Nb5 a6 6. Nd6+ Bxd6 7. Qxd6 Qf6 8.
Qc7 Nge7 9. Nc3 Nb4 10. Bd3 d5 11. exd5 Nexd5 12. Nxd5 Nxd5 13. Qa5 Be6 14.
Bb5+ Kf8 15. Bc4 Qd8 16. Qa3+ Qe7 17. Qxe7+ Kxe7 18. Bxd5 Bxd5 19. O-O Rac8 20.
c3 f6 21. Be3 Rhd8 22. a4 g5 23. h3 h5 24. a5 Ke6 25. Rfd1 Bb3 26. Rxd8 Rxd8
27. Kf1 g4 28. h4 Rd5 29. Ke1 Rb5 30. g3 Kf5 31. Bb6 Ke4 32. Rc1 Bc4 33. Rc2 f5
34. Rd2 Bd3 35. f3+ gxf3 36. Kf2 Rd5 37. Rd1 Rd7 38. Be3 f4 39. Bc1 fxg3+ 40.
Kxg3 Rd5 41. b4 Rd6 42. Kf2 Rc6 43. Bd2 Be2 44. Rg1 Kd3 45. Be3 Rxc3 46. Rg5
Ke4 47. Bc5 Rc2 48. Rg7 Bd3+ 49. Kg1 Rc1+ 50. Kh2 Rxc5 0-1

[Event "III C.to Italiano a squadre femminile"]
[Site "Arvier ITA"]
[Date "2010.04.30"]
[Round "2"]
[White "Zimina, Olga"]
[Black "Panella, Fiammetta"]
[Result "1-0"]
[WhiteElo "2319"]
[BlackElo "2032"]
[PlyCount "75"]
[EventDate "2010.04.29"]

1. e4 e6 2. d4 d5 3. Nd2 Be7 4. Bd3 c5 5. dxc5 Nf6 6. Qe2 Bxc5 7. Ngf3 Nc6 8.
O-O O-O 9. e5 Nd7 10. a3 f6 11. exf6 Nxf6 12. c4 Qc7 13. Nb3 Bd6 14. h3 Bd7 15.
Be3 dxc4 16. Bxc4 Nd5 17. Rfd1 Kh8 18. Bxd5 exd5 19. Rxd5 Ne7 20. Rd2 Nf5 21.
Rc1 Bc6 22. Bc5 Rae8 23. Bxd6 Nxd6 24. Qd3 Ne4 25. Rdd1 Qb6 26. Qe3 Qxe3 27.
fxe3 Ba4 28. Rd3 Bb5 29. Rd5 Bc6 30. Re5 Ng3 31. Rxe8 Rxe8 32. Nbd4 Be4 33. Rc5
g6 34. Rc7 Bd5 35. Rd7 Be4 36. Ng5 h5 37. Nxe4 Rxe4 38. Kf2 1-0

[Event "III C.to Italiano a squadre femminile"]
[Site "Arvier ITA"]
[Date "2010.04.30"]
[Round "3"]
[White "Costantini, Laura"]
[Black "Zimina, Olga"]
[Result "0-1"]
[WhiteElo "2037"]
[BlackElo "2319"]
[PlyCount "100"]
[EventDate "2010.04.29"]

1. e4 c6 2. d4 d5 3. Nc3 dxe4 4. Nxe4 Bf5 5. Ng3 Bg6 6. N1e2 e6 7. Nf4 Bd6 8.
Be3 Nf6 9. Nxg6 hxg6 10. Qf3 Qa5+ 11. c3 Nbd7 12. Bc4 Nb6 13. Bb3 Nbd5 14.
O-O-O Qc7 15. c4 Nxe3 16. fxe3 O-O-O 17. Kb1 g5 18. c5 Be7 19. h3 Rh4 20. Ne2
Rdh8 21. g4 R4h6 22. e4 Ne8 23. e5 Qd7 24. Nc3 Rf8 25. Ne4 Nc7 26. Rhf1 Nd5 27.
Bxd5 Qxd5 28. Nd6+ Bxd6 29. Qxd5 exd5 30. cxd6 Kd7 31. Rf3 Ke6 32. Rdf1 f6 33.
Re1 Kd7 34. Ref1 Ke6 35. Re1 Kd7 36. Ref1 Rfh8 37. exf6 gxf6 38. Rxf6 Rxf6 39.
Rxf6 Rxh3 40. Rg6 Rd3 41. Rxg5 Kxd6 42. Rg7 b5 43. Rxa7 Rxd4 44. Rg7 Rd2 45.
Rg6+ Kc5 46. Kc1 Rg2 47. g5 d4 48. Rg8 Kc4 49. g6 Kd3 50. b4 Kc3 0-1

[Event "III C.to Italiano a squadre femminile"]
[Site "Arvier ITA"]
[Date "2010.04.30"]
[Round "3"]
[White "De Rosa, Mariagrazia"]
[Black "Proietti, Tosca"]
[Result "1-0"]
[WhiteElo "2089"]
[BlackElo "1828"]
[PlyCount "72"]
[EventDate "2010.04.29"]

1. d4 d6 2. e4 Nf6 3. Nc3 g6 4. h3 Bg7 5. Bg5 O-O 6. Qd2 c5 7. Nf3 cxd4 8. Nxd4
Nc6 9. Nb3 Be6 10. Be2 a6 11. O-O b5 12. a3 Rc8 13. f4 Qb6+ 14. Kh1 Bxb3 15.
cxb3 Nd4 16. Bd1 Ne6 17. Bh4 Nc5 18. Bc2 Qb7 19. Rae1 b4 20. Nd5 Nxd5 21. exd5
bxa3 22. Bxe7 Nxb3 23. Bxb3 Qxb3 24. bxa3 Rfe8 25. f5 Qg3 26. f6 Bh8 27. Re3
Qh4 28. Rfe1 Qg5 29. Qd1 h5 30. Qf3 Rc2 31. Re6 Qh4 32. Rf1 Kh7 33. Rxd6 Qg5
34. Rd7 Qe5 35. Bd6 Qg5 36. Rxf7+ Kh6 1-0

[Event "III C.to Italiano a squadre femminile"]
[Site "Arvier ITA"]
[Date "2010.04.30"]
[Round "3"]
[White "Fierro Baquero, Martha Lorena"]
[Black "Chierici, Marianna"]
[Result "1-0"]
[WhiteElo "2356"]
[BlackElo "2094"]
[PlyCount "78"]
[EventDate "2010.04.29"]

1. e4 c5 2. Nf3 Nc6 3. Nc3 d6 4. d4 cxd4 5. Nxd4 e5 6. Nf3 Be7 7. Bc4 Be6 8.
Bb3 Nf6 9. Bg5 a6 10. O-O Qd7 11. Nd2 Rd8 12. Bxf6 Bxf6 13. Nc4 b5 14. Ne3 O-O
15. Qd3 Bg5 16. Ncd5 Bxe3 17. Nxe3 Nd4 18. Rfd1 Qe7 19. Bxe6 fxe6 20. c3 Nc6
21. a4 Na5 22. b4 Nb7 23. axb5 axb5 24. Qxb5 Qh4 25. f3 Qg5 26. Nf1 Rb8 27. Ra7
Nc5 28. Qe2 Nb7 29. Rda1 Rfc8 30. c4 Qe7 31. Ne3 d5 32. c5 dxe4 33. fxe4 Qh4
34. Qg4 Qh6 35. Nc4 Nd8 36. Nd6 Rc6 37. Rf1 Rxd6 38. Qf3 Qf4 39. cxd6 Nf7 1-0

[Event "III C.to Italiano a squadre femminile"]
[Site "Arvier ITA"]
[Date "2010.05.01"]
[Round "4"]
[White "Brunello, Roberta"]
[Black "De Rosa, Mariagrazia"]
[Result "1-0"]
[WhiteElo "2043"]
[BlackElo "2089"]
[PlyCount "83"]
[EventDate "2010.04.29"]

1. e4 c5 2. c3 d5 3. exd5 Qxd5 4. d4 Nc6 5. Nf3 Bg4 6. Be2 cxd4 7. cxd4 e6 8.
O-O Nf6 9. h3 Bh5 10. Nc3 Qa5 11. Be3 Bd6 12. Qb3 Qb4 13. d5 Qxb3 14. axb3 exd5
15. Rfd1 Bg6 16. Nxd5 Nxd5 17. Rxd5 Ke7 18. Nd4 Nxd4 19. Bxd4 Rhd8 20. Bf3 Ke6
21. Re1+ Kd7 22. Be5 Kc7 23. Rc1+ Kb6 24. Rxd6+ Rxd6 25. Bxd6 Re8 26. Bc5+ Ka6
27. Bd5 Re5 28. Bc4+ b5 29. Bd4 Rg5 30. Be2 Be4 31. f3 Bd5 32. Rc7 Bb7 33. Rxf7
Rd5 34. Be3 h5 35. f4 h4 36. Rxb7 Kxb7 37. Bf3 Kc6 38. Bxa7 Kd6 39. Bxd5 Kxd5
40. Bf2 Ke4 41. Bxh4 Kxf4 42. Kf2 1-0

[Event "III C.to Italiano a squadre femminile"]
[Site "Arvier ITA"]
[Date "2010.05.01"]
[Round "4"]
[White "Zimina, Olga"]
[Black "Brunello, Marina"]
[Result "1-0"]
[WhiteElo "2319"]
[BlackElo "2217"]
[PlyCount "95"]
[EventDate "2010.04.29"]

1. e4 c5 2. Nf3 d6 3. Bb5+ Bd7 4. Bxd7+ Qxd7 5. O-O Nf6 6. Qe2 Nc6 7. c3 g6 8.
d4 cxd4 9. cxd4 Bg7 10. Nc3 O-O 11. Rd1 e6 12. h3 a6 13. Bg5 h6 14. Be3 Rac8
15. Rac1 b5 16. Qd3 Na5 17. b3 Ne8 18. d5 e5 19. Ne2 f5 20. exf5 gxf5 21. Qd2
Rxc1 22. Nxc1 f4 23. Qxa5 fxe3 24. fxe3 e4 25. Nd4 Nc7 26. Nde2 Be5 27. Qe1 Qf5
28. Ng3 Qg6 29. Nce2 Kh7 30. Qa5 Rf7 31. Rc1 Nxd5 32. Qd2 Nf6 33. Nh1 Nh5 34.
Nf2 Rg7 35. Ng4 Nf6 36. Nf4 Bxf4 37. Nxf6+ Qxf6 38. exf4 Qg6 39. Rf1 e3 40. Qe2
Qe4 41. Rf3 Re7 42. f5 Qd4 43. f6 Rf7 44. Qc2+ Kh8 45. Qc8+ Kh7 46. Qf5+ Kh8
47. Qc8+ Kh7 48. Rg3 1-0

[Event "III C.to Italiano a squadre femminile"]
[Site "Arvier ITA"]
[Date "2010.05.01"]
[Round "5"]
[White "Arnetta, Maria Teresa"]
[Black "Di Primio, Eugenia"]
[Result "0-1"]
[WhiteElo "2086"]
[BlackElo "1994"]
[PlyCount "62"]
[EventDate "2010.04.29"]

1. e4 e5 2. Nf3 Nc6 3. d4 exd4 4. Nxd4 Bc5 5. Be3 Qf6 6. Nb5 Bxe3 7. fxe3 Qh4+
8. g3 Qd8 9. Qg4 g5 10. Qe2 d6 11. Nd2 Nf6 12. Qg2 a6 13. Nd4 Ne5 14. Nc4 Qe7
15. O-O-O Bg4 16. Nf5 Bxf5 17. exf5 Nxc4 18. Bxc4 Qxe3+ 19. Kb1 O-O 20. Qxb7
Rab8 21. Qxc7 d5 22. Bxa6 Qa3 23. Bb7 Qb4 24. Qe5 Ne4 25. Rhe1 Rxb7 26. Rxe4
dxe4 27. Qf6 Qe7 28. Qh6 f6 29. h4 e3 30. Qh5 e2 31. Re1 Qb4 0-1

[Event "III C.to Italiano a squadre femminile"]
[Site "Arvier ITA"]
[Date "2010.05.01"]
[Round "5"]
[White "Sedina, Elena"]
[Black "Fierro Baquero, Martha Lorena"]
[Result "1/2-1/2"]
[WhiteElo "2334"]
[BlackElo "2356"]
[PlyCount "66"]
[EventDate "2010.04.29"]

1. e4 d6 2. d4 Nf6 3. Nc3 e5 4. Nge2 Be7 5. f3 O-O 6. Be3 exd4 7. Qxd4 Nc6 8.
Qd2 Ne5 9. Nf4 c6 10. Be2 b5 11. b3 Bb7 12. O-O Qc7 13. a4 b4 14. Nd1 Rfd8 15.
Nf2 d5 16. exd5 Nxd5 17. Nxd5 Rxd5 18. Qc1 c5 19. c3 bxc3 20. Ne4 Nd3 21. Qxc3
Rad8 22. Qc2 Qe5 23. Rad1 Nf4 24. Bc4 Rxd1 25. Rxd1 Rxd1+ 26. Qxd1 Bxe4 27.
fxe4 Qxe4 28. Bxf4 Qxf4 29. Qf1 Qd4+ 30. Qf2 Qd1+ 31. Qf1 Qh5 32. Qf3 Qxf3 33.
gxf3 g5 1/2-1/2

[Event "III C.to Italiano a squadre femminile"]
[Site "Arvier ITA"]
[Date "2010.05.01"]
[Round "5"]
[White "Zimina, Olga"]
[Black "Calzetta Ruiz, Monica"]
[Result "1-0"]
[WhiteElo "2319"]
[BlackElo "2296"]
[PlyCount "117"]
[EventDate "2010.04.29"]

1. e4 c5 2. Nf3 g6 3. c3 d5 4. exd5 Qxd5 5. Na3 Bg7 6. d4 cxd4 7. Nb5 Na6 8.
Nfxd4 Nf6 9. Qf3 O-O 10. Be2 e5 11. Qxd5 Nxd5 12. Nc2 Rd8 13. O-O Bf5 14. Nca3
Nc5 15. Rd1 Be6 16. Nc4 a6 17. Nba3 b5 18. Na5 Rac8 19. Kf1 h6 20. Nc2 f5 21.
c4 bxc4 22. Bxc4 Kf7 23. Bd2 Ne4 24. Be1 Nc7 25. Ne3 f4 26. Bxe6+ Nxe6 27. Nec4
Nd4 28. Rac1 Ke6 29. b3 Bf8 30. f3 Nc5 31. Bc3 Kf5 32. Re1 Nd3 33. Bxd4 exd4
34. Nb7 Nxc1 35. Nxd8 Nxa2 36. Ne6 d3 37. Nd4+ Kf6 38. Re6+ Kg7 39. Rxa6 Nb4
40. Ra7+ Kg8 41. Ne6 g5 42. g3 Nd5 43. gxf4 gxf4 44. Rd7 Ne3+ 45. Nxe3 Rc1+ 46.
Nd1 Rxd1+ 47. Kg2 Bb4 48. Nxf4 d2 49. Nd5 Rg1+ 50. Kh3 Rg7 51. Rd8+ Bf8 52.
Nf6+ Kf7 53. Ne4 Bb4 54. Nxd2 Ke7 55. Rd3 Bd6 56. Ne4 Bf4 57. Ng3 Rg5 58. Rd4
Bd6 59. Rxd6 1-0

[Event "III C.to Italiano a squadre femminile"]
[Site "Arvier ITA"]
[Date "2010.05.02"]
[Round "6"]
[White "Di Primio, Eugenia"]
[Black "Coppola, Beatrice"]
[Result "1-0"]
[WhiteElo "1994"]
[BlackElo "1359"]
[PlyCount "33"]
[EventDate "2010.04.29"]

1. e4 e6 2. d4 b6 3. Nc3 Nf6 4. Bg5 Be7 5. Bd3 Bb7 6. f3 d5 7. e5 Ng8 8. Be3
Nd7 9. f4 c5 10. Nf3 Qc7 11. Nb5 Qc6 12. a4 O-O-O 13. Nxa7+ Kb8 14. Nxc6+ Bxc6
15. Bb5 Bb7 16. a5 bxa5 17. c3 1-0

[Event "III C.to Italiano a squadre femminile"]
[Site "Arvier ITA"]
[Date "2010.05.02"]
[Round "6"]
[White "Miracola, Giorgia"]
[Black "De Rosa, Mariagrazia"]
[Result "0-1"]
[WhiteElo "1548"]
[BlackElo "2089"]
[PlyCount "46"]
[EventDate "2010.04.29"]

1. d4 Nf6 2. Nf3 b6 3. Bf4 Bb7 4. e3 e6 5. Bd3 Be7 6. c4 c5 7. dxc5 bxc5 8. O-O
d6 9. Nc3 h6 10. Bc2 O-O 11. e4 Nc6 12. Nb5 e5 13. Bg3 Nd4 14. Nc3 Ba6 15. b3
Qa5 16. Qd3 Qxc3 17. Qxc3 Ne2+ 18. Kh1 Nxc3 19. Rfe1 Ncxe4 20. Bxe4 Nxe4 21.
Rxe4 f5 22. Re2 f4 23. Bxf4 Rxf4 0-1

[Event "IV Open Estate Vomero"]
[Site "Napoli ITA"]
[Date "2010.05.06"]
[Round "1"]
[White "Angelotti, Mario"]
[Black "Borrelli, Salvatore"]
[Result "0-1"]
[WhiteElo "1527"]
[BlackElo "1957"]
[PlyCount "60"]
[EventDate "2010.05.06"]

1. e4 e6 2. d4 d5 3. Nd2 c5 4. c3 cxd4 5. cxd4 Nc6 6. Ngf3 Bb4 7. a3 Ba5 8. b4
Bb6 9. Bb2 Nf6 10. e5 Ne4 11. Nb3 O-O 12. Be2 f6 13. O-O fxe5 14. Nxe5 Nxe5 15.
Nc5 Nc6 16. Bd3 Nf6 17. f4 Bc7 18. Qc2 b6 19. Nb3 Bd7 20. Rac1 Bd6 21. Rf3 Rc8
22. Rh3 h6 23. Qf2 Ne4 24. Bxe4 dxe4 25. d5 Bxf4 26. Qe2 exd5 27. Rxc6 Rxc6 28.
Nd4 Rg6 29. Rh5 Bg4 30. Qb5 a6 0-1

[Event "IV Open Estate Vomero"]
[Site "Napoli ITA"]
[Date "2010.05.06"]
[Round "1"]
[White "Capozzoli, Silvio"]
[Black "Colli, Roberto"]
[Result "1-0"]
[WhiteElo "1939"]
[BlackElo "1497"]
[PlyCount "63"]
[EventDate "2010.05.06"]

1. e4 c5 2. b4 cxb4 3. Bb2 d6 4. Bc4 Nf6 5. a3 bxa3 6. Rxa3 Nxe4 7. Bxf7+ Kxf7
8. Qh5+ g6 9. Qd5+ e6 10. Qxe4 Bg7 11. Rf3+ Kg8 12. Qf4 Qe7 13. Ba3 Qf8 14. Qh4
Qe8 15. Bxd6 Nc6 16. Ne2 e5 17. Nbc3 Bf5 18. O-O Qe6 19. Ba3 Bxc2 20. Re1 Bf5
21. Nb5 Bf6 22. Qa4 Bd8 23. Ned4 Qd7 24. Nxf5 gxf5 25. Rg3+ Kf7 26. Nd6+ Kf6
27. Qh4+ Ke6 28. Qh6+ Bf6 29. Nxf5 Rhg8 30. Qh3 Qc7 31. Nh6+ Kd5 32. Nxg8 1-0

[Event "IV Open Estate Vomero"]
[Site "Napoli ITA"]
[Date "2010.05.06"]
[Round "1"]
[White "De Meo, Guido"]
[Black "Ficco, Corrado"]
[Result "1/2-1/2"]
[WhiteElo "1849"]
[BlackElo "2150"]
[PlyCount "78"]
[EventDate "2010.05.06"]

1. d4 f5 2. c4 Nf6 3. g3 g6 4. Nc3 Bg7 5. Bg2 O-O 6. e4 fxe4 7. Nxe4 Nxe4 8.
Bxe4 d6 9. Ne2 Nc6 10. Be3 e5 11. d5 Ne7 12. O-O Bh3 13. Re1 Qd7 14. Nc3 Nf5
15. Qd2 Rae8 16. Rad1 Nd4 17. Bxd4 exd4 18. Nb5 Bg4 19. Rc1 d3 20. Qxd3 Bxb2
21. Rc2 Bg7 22. Nxa7 Bf3 23. Re3 Bg4 24. Nb5 Bh6 25. f4 Bg7 26. Nd4 Kh8 27. Rc1
Qa4 28. Nb5 Qxa2 29. Nxc7 Re7 30. Nb5 Bh3 31. Rce1 Qa6 32. Bg2 Bf5 33. Qe2 Qb6
34. Kf1 Ref7 35. Be4 Bd7 36. Rb1 Bh3+ 37. Bg2 Bf5 38. Be4 Bh3+ 39. Bg2 Bf5
1/2-1/2

[Event "IV Open Estate Vomero"]
[Site "Napoli ITA"]
[Date "2010.05.06"]
[Round "1"]
[White "Della Corte, Alessandro"]
[Black "Solombrino, Giovanni"]
[Result "1-0"]
[WhiteElo "2246"]
[BlackElo "1875"]
[PlyCount "43"]
[EventDate "2010.05.06"]

1. e4 c5 2. Nf3 Nc6 3. b4 b6 4. b5 Nb8 5. Bc4 e6 6. Qe2 Bb7 7. O-O Nf6 8. Nc3
Be7 9. e5 Nd5 10. Bxd5 exd5 11. d4 O-O 12. Bf4 Qe8 13. Qd2 c4 14. Ne2 Qd8 15.
Ng3 d6 16. exd6 Bxd6 17. Nf5 Bxf4 18. Qxf4 Nd7 19. Rae1 Nf6 20. Re7 Nd7 21.
Rxd7 Qxd7 22. Qg4 1-0

[Event "IV Open Estate Vomero"]
[Site "Napoli ITA"]
[Date "2010.05.06"]
[Round "1"]
[White "Di Gennaro, Antonio"]
[Black "De Rosa, Francesco"]
[Result "1/2-1/2"]
[WhiteElo "1671"]
[BlackElo "1988"]
[PlyCount "53"]
[EventDate "2010.05.06"]

1. e4 c5 2. Nf3 Nc6 3. d4 cxd4 4. Nxd4 g6 5. c4 Bg7 6. Be3 Nf6 7. Nc3 Ng4 8.
Qxg4 Nxd4 9. Qd1 Ne6 10. Qd2 Qa5 11. Rc1 g5 12. a3 b6 13. g3 Bb7 14. Bg2 Rg8
15. O-O Bxc3 16. Rxc3 Qe5 17. f4 gxf4 18. gxf4 Qxe4 19. Rf2 Qb1+ 20. Rc1 Qf5
21. Kf1 Bxg2+ 22. Rxg2 O-O-O 23. Qd5 Qxd5 24. cxd5+ Nc7 25. Rgc2 Kb8 26. Rxc7
Rg6 27. R7c2 1/2-1/2

[Event "IV Open Estate Vomero"]
[Site "Napoli ITA"]
[Date "2010.05.06"]
[Round "1"]
[White "Di Meo, Antonio"]
[Black "Sciaudone, Francesco"]
[Result "1/2-1/2"]
[WhiteElo "1959"]
[BlackElo "1593"]
[PlyCount "52"]
[EventDate "2010.05.06"]

1. d4 d5 2. c4 Nf6 3. Nc3 e6 4. Nf3 Bb4 5. a3 Bxc3+ 6. bxc3 h6 7. e3 Nc6 8. a4
O-O 9. Bd3 b6 10. O-O Ba6 11. Nd2 Na5 12. Qe2 dxc4 13. Nxc4 Nxc4 14. Bxc4 Bb7
15. Ba3 Re8 16. Rfd1 Nd5 17. Rac1 Qg5 18. Qf1 Nf6 19. Bb5 c6 20. Ba6 Bxa6 21.
Qxa6 Nd5 22. Qd3 Rad8 23. c4 Ne7 24. c5 Nf5 25. cxb6 Nh4 26. Qf1 axb6 1/2-1/2

[Event "IV Open Estate Vomero"]
[Site "Napoli ITA"]
[Date "2010.05.06"]
[Round "1"]
[White "Gallo, Thomas Renato"]
[Black "Rosato, Luciano"]
[Result "0-1"]
[WhiteElo "1875"]
[BlackElo "2255"]
[PlyCount "68"]
[EventDate "2010.05.06"]

1. d4 Nf6 2. c4 g6 3. Nc3 Bg7 4. e4 d6 5. f3 O-O 6. Be3 b6 7. Qd2 c5 8. d5 Nbd7
9. Nh3 a6 10. Be2 Ne5 11. Nf2 b5 12. cxb5 axb5 13. Bxb5 Ba6 14. b3 Qa5 15. Be2
Nfg4 16. Na4 Qxd2+ 17. Bxd2 Bxe2 18. Kxe2 Nxf2 19. Kxf2 Nd3+ 20. Ke2 Bxa1 21.
Rxa1 Ne5 22. Bc3 Nd7 23. Nb2 Rfb8 24. Nc4 Nb6 25. Na5 e6 26. dxe6 fxe6 27. f4
d5 28. Nc6 Rb7 29. exd5 Nxd5 30. Be5 Ra6 31. Nd8 Rd7 32. Nxe6 Rxe6 33. g3 Nb4
34. a3 Nc6 0-1

[Event "IV Open Estate Vomero"]
[Site "Napoli ITA"]
[Date "2010.05.08"]
[Round "1"]
[White "Lerro, Luca"]
[Black "Caiazzo, Diego"]
[Result "0-1"]
[WhiteElo "1461"]
[BlackElo "1880"]
[PlyCount "128"]
[EventDate "2010.05.06"]

1. e4 e6 2. d4 d5 3. Nc3 dxe4 4. Nxe4 Nd7 5. Nf3 Ngf6 6. Bd3 Be7 7. O-O O-O 8.
c3 b6 9. Qc2 Bb7 10. Nfg5 h6 11. Nh3 Nxe4 12. Bxe4 Bxe4 13. Qxe4 Nf6 14. Qf3
Qd5 15. Qxd5 Nxd5 16. Nf4 Rfd8 17. Re1 Nxf4 18. Bxf4 Bd6 19. Bd2 c5 20. dxc5
Bxc5 21. Be3 Bxe3 22. Rxe3 Rd2 23. b3 Rad8 24. g3 Rc2 25. Rf3 Rdd2 26. a4 Rb2
27. c4 Rbc2 28. a5 Ra2 29. Rxa2 Rxa2 30. axb6 axb6 31. Rd3 Rb2 32. Kg2 Kf8 33.
Kf3 Ke7 34. h4 g5 35. hxg5 hxg5 36. Kg4 Rxf2 37. Kxg5 Rb2 38. Kf4 f6 39. Ke4
f5+ 40. Ke5 Re2+ 41. Kf4 Re4+ 42. Kf3 Re1 43. Kf4 Rb1 44. Ke5 Rb2 45. Kf4 Kf6
46. g4 e5+ 47. Kg3 f4+ 48. Kf3 Ke6 49. g5 Kf5 50. Rd5 Rxb3+ 51. Kf2 Rc3 52. g6
Rg3 53. Rb5 Rxg6 54. c5 bxc5 55. Rxc5 Ke4 56. Rc8 Rd6 57. Re8 Rd2+ 58. Ke1 Ra2
59. Rc8 f3 60. Rc4+ Kd3 61. Rb4 e4 62. Rb3+ Kc4 63. Re3 Kd4 64. Rb3 Re2+ 0-1

[Event "IV Open Estate Vomero"]
[Site "Napoli ITA"]
[Date "2010.05.13"]
[Round "2"]
[White "Borrelli, Salvatore"]
[Black "Della Corte, Alessandro"]
[Result "0-1"]
[WhiteElo "1957"]
[BlackElo "2246"]
[PlyCount "48"]
[EventDate "2010.05.06"]

1. d4 g6 2. Nf3 Bg7 3. e4 d6 4. Nc3 Nf6 5. Be3 c6 6. Qd2 Qa5 7. Bd3 Ng4 8. Bf4
e5 9. dxe5 dxe5 10. Bg5 h6 11. Bh4 Be6 12. h3 Nf6 13. Bg3 Nh5 14. Bh2 Nf4 15.
Bf1 O-O 16. Ne2 Qb6 17. Nxf4 exf4 18. c3 Rd8 19. Qc2 g5 20. Nd2 Nd7 21. h4 Ne5
22. hxg5 hxg5 23. f3 Qe3+ 24. Be2 Nd3+ 0-1

[Event "IV Open Estate Vomero"]
[Site "Napoli ITA"]
[Date "2010.05.13"]
[Round "2"]
[White "Caiazzo, Diego"]
[Black "Pinto, Gaetano"]
[Result "1/2-1/2"]
[WhiteElo "1880"]
[BlackElo "2048"]
[PlyCount "91"]
[EventDate "2010.05.06"]

1. Nf3 Nf6 2. b3 d6 3. Bb2 e5 4. e3 Nbd7 5. c4 c6 6. d4 Qc7 7. Be2 Be7 8. O-O
O-O 9. Nc3 a5 10. dxe5 dxe5 11. Qc2 Re8 12. Nd2 Nc5 13. Nde4 g6 14. Nxc5 Bxc5
15. e4 Bd4 16. Bf3 Be6 17. Ne2 Bxb2 18. Qxb2 Nd7 19. Rfd1 Nc5 20. Qc2 Red8 21.
Nc3 Kg7 22. h3 h5 23. Rxd8 Rxd8 24. Rd1 Rd7 25. Qe2 Rxd1+ 26. Qxd1 Qd7 27. Qxd7
Bxd7 28. Be2 Kf6 29. h4 Ke7 30. g3 Kd6 31. f3 b6 32. Kf2 Kc7 33. Ke3 f6 34. g4
Ne6 35. gxh5 gxh5 36. Bf1 Nf4 37. Ne2 Nxe2 38. Bxe2 Kd6 39. a3 Kc5 40. Kd3 Be6
41. Kc3 Bd7 42. b4+ axb4+ 43. axb4+ Kd6 44. Kd3 Be6 45. Ke3 Bf7 46. Kd3 1/2-1/2

[Event "IV Open Estate Vomero"]
[Site "Napoli ITA"]
[Date "2010.05.13"]
[Round "2"]
[White "Colli, Roberto"]
[Black "Gallo, Thomas Renato"]
[Result "1/2-1/2"]
[WhiteElo "1497"]
[BlackElo "1875"]
[PlyCount "102"]
[EventDate "2010.05.06"]

1. d4 d5 2. c4 c6 3. Nf3 e6 4. g3 Nf6 5. Bg2 dxc4 6. Ne5 Be7 7. O-O O-O 8. Nxc4
c5 9. dxc5 Bxc5 10. Nc3 a6 11. Be3 Bxe3 12. Nxe3 Nc6 13. Qb3 Na5 14. Qb4 Rb8
15. Rfd1 Qc7 16. Rac1 Nc6 17. Qd6 Nd5 18. Qxc7 Nxc7 19. Na4 Na8 20. Bxc6 bxc6
21. Rxc6 Rb5 22. Rdc1 Bb7 23. R6c5 h6 24. Rxb5 axb5 25. Nc5 Rc8 26. Rc2 Bc6 27.
Nd3 Nb6 28. Nb4 Be4 29. Rxc8+ Nxc8 30. f3 Bb7 31. Nec2 Nd6 32. Kf2 Kf8 33. b3
Ke7 34. Ke3 e5 35. Ne1 Nf5+ 36. Kd2 Kd6 37. e4 Nd4 38. Ke3 f6 39. Nec2 Ne6 40.
Kd2 g6 41. Na3 Nd4 42. Ke3 f5 43. Nbc2 Nxc2+ 44. Nxc2 Kc5 45. Kd3 fxe4+ 46.
fxe4 b4 47. Ne3 h5 48. h4 Bc8 49. Ng2 Bh3 50. Ne1 Bg4 51. Nc2 Bd7 1/2-1/2

[Event "IV Open Estate Vomero"]
[Site "Napoli ITA"]
[Date "2010.05.13"]
[Round "2"]
[White "Cosenza, Gianni"]
[Black "Di Gennaro, Antonio"]
[Result "1-0"]
[WhiteElo "1899"]
[BlackElo "1671"]
[PlyCount "73"]
[EventDate "2010.05.06"]

1. e4 c5 2. Nf3 d6 3. d4 cxd4 4. Nxd4 Nf6 5. Nc3 a6 6. a4 Nc6 7. Be2 g6 8. Be3
Bg7 9. O-O O-O 10. Kh1 Nxd4 11. Bxd4 e5 12. Be3 Be6 13. a5 Qc7 14. f3 Rfc8 15.
Qd2 Qb8 16. Rfd1 Rc6 17. Nd5 Bxd5 18. exd5 Rc8 19. c4 Nd7 20. b4 f5 21. Rac1 f4
22. Bg1 Bf8 23. Bd3 Rc7 24. Qf2 Be7 25. g3 Qf8 26. gxf4 exf4 27. Qc2 Qf7 28.
Be4 Re8 29. c5 dxc5 30. d6 Bxd6 31. Rxd6 Qe7 32. bxc5 Nf6 33. Qc4+ Kf8 34. Bxg6
hxg6 35. Qxf4 Rc6 36. Bd4 Kg7 37. Bxf6+ 1-0

[Event "IV Open Estate Vomero"]
[Site "Napoli ITA"]
[Date "2010.05.13"]
[Round "2"]
[White "De Rosa, Francesco"]
[Black "Esposito, Pino"]
[Result "1-0"]
[WhiteElo "1988"]
[BlackElo "1875"]
[PlyCount "85"]
[EventDate "2010.05.06"]

1. e4 g6 2. Nf3 Bg7 3. g3 d6 4. Bg2 c5 5. O-O Nc6 6. c3 Nf6 7. d3 Bg4 8. h3 Bd7
9. Re1 e5 10. Nbd2 h6 11. Nc4 Be6 12. b3 b5 13. Na3 Rb8 14. d4 cxd4 15. cxd4
Nxd4 16. Nxd4 exd4 17. Nc2 O-O 18. Nxd4 Bd7 19. Bf4 Qb6 20. Be3 Qa5 21. Rc1
Rfc8 22. Qe2 a6 23. Bf4 Qb6 24. Rxc8+ Rxc8 25. Rd1 Ne8 26. Be3 Qc7 27. Qd2 h5
28. Nf3 Qc2 29. e5 Qxd2 30. Rxd2 d5 31. Rxd5 Be6 32. Rd2 Kf8 33. Kh2 Kg8 34.
Ng5 Bf5 35. Bb7 Rb8 36. Bd5 Bxe5 37. Nxf7 Bc3 38. Nh6+ Kg7 39. Nxf5+ gxf5 40.
Rd3 Be5 41. b4 Rd8 42. Be4 Nd6 43. Bxf5 1-0

[Event "IV Open Estate Vomero"]
[Site "Napoli ITA"]
[Date "2010.05.13"]
[Round "2"]
[White "Esposito, Rosario"]
[Black "Lerro, Luca"]
[Result "1-0"]
[WhiteElo "1830"]
[BlackElo "1461"]
[PlyCount "49"]
[EventDate "2010.05.06"]

1. d4 Nf6 2. c4 d5 3. cxd5 Nxd5 4. e4 Nb6 5. Nf3 e6 6. Bb5+ Bd7 7. Bd3 c5 8.
Be3 cxd4 9. Nxd4 e5 10. Ne2 Nc6 11. Nbc3 Bb4 12. O-O O-O 13. f4 exf4 14. Nxf4
Bxc3 15. bxc3 Ne5 16. Bc2 Nbc4 17. Bd4 Ng4 18. Rf3 Bc6 19. Rg3 Nge5 20. Qh5 Qf6
21. Rf1 Rfe8 22. Nd5 Qd6 23. Rxg7+ Kf8 24. Rgxf7+ Nxf7 25. Qxf7# 1-0

[Event "IV Open Estate Vomero"]
[Site "Napoli ITA"]
[Date "2010.05.13"]
[Round "2"]
[White "Ficco, Corrado"]
[Black "Capozzoli, Silvio"]
[Result "1-0"]
[WhiteElo "2150"]
[BlackElo "1939"]
[PlyCount "58"]
[EventDate "2010.05.06"]

1. g3 Nf6 2. Bg2 g6 3. Nf3 d6 4. d4 Bg7 5. c4 c6 6. Nc3 Nbd7 7. O-O O-O 8. e4
c5 9. e5 dxe5 10. dxe5 Ng4 11. e6 Nde5 12. exf7+ Nxf7 13. Qe2 e6 14. Ne4 Nfe5
15. Nxc5 Nxf3+ 16. Bxf3 Ne5 17. Bg2 Qd4 18. Ne4 Qxc4 19. Qxc4 Nxc4 20. Rb1 Rb8
21. b3 Ne5 22. Ba3 Rd8 23. Bd6 Ra8 24. Rfd1 Nc6 25. Rbc1 Bf8 26. Bxf8 Kxf8 27.
Rxd8+ Nxd8 28. Rc7 h6 29. Nd6 Rb8 1-0

[Event "IV Open Estate Vomero"]
[Site "Napoli ITA"]
[Date "2010.05.13"]
[Round "2"]
[White "Rosato, Luciano"]
[Black "Sparice, Lorenzo"]
[Result "1-0"]
[WhiteElo "2255"]
[BlackElo "1419"]
[PlyCount "54"]
[EventDate "2010.05.06"]

1. d4 Nf6 2. c4 g6 3. Nc3 d5 4. cxd5 Bg7 5. e4 O-O 6. Nf3 a6 7. Bg5 Nbd7 8. Be2
b5 9. a3 Nb6 10. O-O Nfd7 11. Rc1 f6 12. Bf4 Nc4 13. b3 Nd6 14. Qd2 Bb7 15. e5
fxe5 16. dxe5 Nf5 17. g4 Nh4 18. Nxh4 Bxe5 19. Bh6 Bg7 20. Bxg7 Kxg7 21. Qd4+
Kg8 22. f4 e5 23. dxe6 Qxh4 24. exd7 Qh3 25. Nd5 Qh4 26. Rxc7 Bxd5 27. Qxd5+
Kg7 1-0

[Event "IV Open Estate Vomero"]
[Site "Napoli ITA"]
[Date "2010.05.13"]
[Round "2"]
[White "Sciaudone, Francesco"]
[Black "De Meo, Guido"]
[Result "1/2-1/2"]
[WhiteElo "1593"]
[BlackElo "1849"]
[PlyCount "36"]
[EventDate "2010.05.06"]

1. e4 c5 2. Nf3 d6 3. d4 cxd4 4. Nxd4 Nf6 5. Nc3 a6 6. Bg5 e5 7. Nf3 Bg4 8. h3
Bxf3 9. Qxf3 Nbd7 10. a4 Be7 11. Bxf6 Nxf6 12. Bc4 O-O 13. O-O Qc7 14. Bb3 Rad8
15. Rad1 Rd7 16. Rfe1 Kh8 17. Rd2 Qc6 18. Ba2 Bd8 1/2-1/2